000 00291nam a22001337a 4500
008 181101b xxu||||| |||| 00| 0 eng d
020 _a0876196679
041 _aeng
080 _a616.12
100 _a7
101 _aKAR
245 _aCardiovascular Problems
_cJackle, M
942 _2udc
_cBK
999 _c51520
_d51520